Design of concrete structures (Record no. 3628)

000 -LEADER
fixed length control field 00663nam a2200229 a 4500
001 - CONTROL NUMBER
control field 3628
003 - CONTROL NUMBER IDENTIFIER
control field BD-DhUET
008 - FIXED-LENGTH DATA ELEMENTS--GENERAL INFORMATION
fixed length control field 850621s1985 enka b 101 0 eng
020 ## - INTERNATIONAL STANDARD BOOK NUMBER
International Standard Book Number 007Y665486
040 ## - CATALOGING SOURCE
Original cataloging agency DLC
Transcribing agency DLC
Modifying agency BD-DhUET
082 00 - DEWEY DECIMAL CLASSIFICATION NUMBER
Classification number 624.183
Item number NIL/1986
100 ## - MAIN ENTRY--PERSONAL NAME
Personal name Nilson, Arthur H.
245 00 - TITLE STATEMENT
Title Design of concrete structures
Statement of responsibility, etc. by Arthur H. Nilson and George Winter
250 ## - EDITION STATEMENT
Edition statement 10th ed.
260 ## - PUBLICATION, DISTRIBUTION, ETC. (IMPRINT)
Place of publication, distribution, etc. New York:
Name of publisher, distributor, etc. McGraw Hill Book Company,
Date of publication, distribution, etc. 1986.
300 ## - PHYSICAL DESCRIPTION
Extent xi, 380 p. :
Other physical details ill. ;
Dimensions 23 cm.
490 ## - SERIES STATEMENT
Series statement Civil engineering series
504 ## - BIBLIOGRAPHY, ETC. NOTE
Bibliography, etc Includes bibliographies
650 #0 - SUBJECT ADDED ENTRY--TOPICAL TERM
Topical term or geographic name as entry element Reinforced concrete
700 ## - ADDED ENTRY--PERSONAL NAME
Personal name Winter, George
942 ## - ADDED ENTRY ELEMENTS (KOHA)
Koha item type General Book
Holdings
Koha full call number Koha issues (times borrowed) Koha date last borrowed Price effective from Location (home branch) Koha renewals Koha item type Koha out on loan Not for loan Damaged status Lost status Piece designation (barcode) Copy number Source of classification or shelving scheme Date acquired Sublocation or collection (holding branch) Shelving location Koha date last seen Koha normalized classification for sorting Withdrawn status
624.183/NIL/198662026-02-232014-11-02Central Library, BUET1General Book2027-02-23   778731 2014-11-02Central Library, BUETCirculation section2026-02-23624_000000000000000_183NIL1986 
624.183 NIL/1986  2024-12-04Central Library, BUET Rental Item    77816১০/ক-১ 1990-10-23Central Library, BUETRental section2024-12-04624_183000000000000_NIL_1986 
624.183 NIL/1986  2024-12-04Central Library, BUET Rental Item    77817১০/ক-২ 1990-10-23Central Library, BUETRental section2024-12-04624_183000000000000_NIL_1986 
624.183 NIL/1986  2024-12-04Central Library, BUET Rental Item    77818১০/ক-৩ 1990-10-23Central Library, BUETRental section2024-12-04624_183000000000000_NIL_1986 
624.183 NIL/1986  2024-12-04Central Library, BUET Rental Item    77819১০/ক-৪ 1990-10-23Central Library, BUETRental section2024-12-04624_183000000000000_NIL_1986 
624.183 NIL/1986  2024-12-04Central Library, BUET Rental Item    77820১০/ক-৫ 1990-10-23Central Library, BUETRental section2024-12-04624_183000000000000_NIL_1986 
624.183 NIL/1986  2024-12-04Central Library, BUET Rental Item    77821১০/ক-৬ 1990-10-23Central Library, BUETRental section2024-12-04624_183000000000000_NIL_1986 
624.183 NIL/1986  2024-12-04Central Library, BUET Rental Item    77822১০/ক-৭ 1990-10-23Central Library, BUETRental section2024-12-04624_183000000000000_NIL_1986 
624.183 NIL/1986  2024-12-04Central Library, BUET Rental Item    77823১০/ক-৮ 1990-10-23Central Library, BUETRental section2024-12-04624_183000000000000_NIL_1986 
624.183 NIL/1986  2024-12-04Central Library, BUET Rental Item    77824১০/ক-৯ 1990-10-23Central Library, BUETRental section2024-12-04624_183000000000000_NIL_1986 
624.183 NIL/1986  2024-12-04Central Library, BUET Rental Item    77825১০/ক-১০ 1990-10-23Central Library, BUETRental section2024-12-04624_183000000000000_NIL_1986 
624.183 NIL/1986  2024-12-04Central Library, BUET Rental Item    77826১০/ক-১১ 1990-10-23Central Library, BUETRental section2024-12-04624_183000000000000_NIL_1986 
624.183 NIL/1986  2024-12-04Central Library, BUET Rental Item    77827১০/ক-১২ 1990-10-23Central Library, BUETRental section2024-12-04624_183000000000000_NIL_1986 
624.183 NIL/1986  2024-12-04Central Library, BUET Rental Item    77828১০/ক-১৩ 1990-10-23Central Library, BUETRental section2024-12-04624_183000000000000_NIL_1986 
624.183 NIL/1986  2024-12-04Central Library, BUET Rental Item    77829১০/ক-১৪ 1990-10-23Central Library, BUETRental section2024-12-04624_183000000000000_NIL_1986 
624.183 NIL/1986  2024-12-04Central Library, BUET Rental Item    77830১০/ক-১৫ 1990-10-23Central Library, BUETRental section2024-12-04624_183000000000000_NIL_1986 
624.183 NIL/1986  2024-12-04Central Library, BUET Rental Item    77831১০/ক-১৬ 1990-10-23Central Library, BUETRental section2024-12-04624_183000000000000_NIL_1986 
624.183 NIL/1986  2024-12-04Central Library, BUET Rental Item    77832১০/ক-১৭ 1990-10-23Central Library, BUETRental section2024-12-04624_183000000000000_NIL_1986 
624.183 NIL/1986  2024-12-04Central Library, BUET Rental Item    77833১০/ক-১৮ 1990-10-23Central Library, BUETRental section2024-12-04624_183000000000000_NIL_1986 
624.183 NIL/1986  2024-12-04Central Library, BUET Rental Item    77834১০/ক-১৯ 1990-10-23Central Library, BUETRental section2024-12-04624_183000000000000_NIL_1986 
624.183 NIL/1986  2024-12-04Central Library, BUET Rental Item    77835১০/ক-২০ 1990-10-23Central Library, BUETRental section2024-12-04624_183000000000000_NIL_1986